[Event "GER-ch52 final email"]
[Site "GER email"]
[Date "2022.04.15"]
[Round "?"]
[White "Krauss, Heiko"]
[Black "Woelfelschneider, Peter"]
[Result "1/2-1/2"]
[WhiteElo "2419"]
[BlackElo "2372"]
[PlyCount "64"]
[EventDate "2022.??.??"]
[EventType "tourn (corr)"]
[EventRounds "14"]
[EventCountry "GER"]
[SourceTitle "Corr 2024"]
[Source "ChessBase"]
[SourceDate "2023.10.19"]
[SourceVersion "1"]
[SourceVersionDate "2023.10.19"]
[SourceQuality "1"]

1. e4 e5 2. Nf3 Nc6 3. Bb5 Nf6 4. d3 Bc5 5. Bxc6 dxc6 6. Nbd2 Nd7 7. Nc4 0-0 8. Qe2 Re8 9. h4 a5 10. Be3 f6 11. g4 a4 12. g5 b5 13. Ncd2 a3 14. b3 Bb4 15. h5 Nc5 16. h6 g6 17. gxf6 Qxf6 18. Ng5 Qd6 19. 0-0-0 Rf8 20. Rdg1 Ne6 21. Nxe6 Bxe6 22. Rg5 Rae8 23. Nf3 Bd7 24. Rhg1 Rf6 25. d4 exd4 26. e5 Rxe5 27. Nxe5 dxe3 28. Qxe3 Bf5 29. Rd1 Qf8 30. Rxf5 Rxf5 31. Nxc6 Bd6 32. Rxd6 Qxd6 1/2-1/2

[Event "GER-ch52 final email"]
[Site "GER email"]
[Date "2022.04.15"]
[Round "?"]
[White "Mislin, Roger"]
[Black "Woelfelschneider, Peter"]
[Result "1/2-1/2"]
[WhiteElo "2345"]
[BlackElo "2372"]
[PlyCount "71"]
[EventDate "2022.??.??"]
[EventType "tourn (corr)"]
[EventRounds "14"]
[EventCountry "GER"]
[SourceTitle "Corr 2024"]
[Source "ChessBase"]
[SourceDate "2023.10.19"]
[SourceVersion "1"]
[SourceVersionDate "2023.10.19"]
[SourceQuality "1"]

1. e4 e5 2. Nf3 Nc6 3. Bb5 Nf6 4. d3 Bc5 5. Bxc6 dxc6 6. 0-0 Bg4 7. h3 Bh5 8. g4 Nxg4 9. hxg4 Bxg4 10. Be3 Be7 11. Kg2 f5 12. Qe1 Bxf3+ 13. Kxf3 f4 14. Bd2 h5 15. Ke2 g5 16. Bc3 Bf6 17. f3 Qd7 18. Rh1 0-0-0 19. Qf2 b6 20. Nd2 g4 21. Rag1 g3 22. Qf1 Kb7 23. Qh3 Qe7 24. Kd1 h4 25. Kc1 a6 26. Kb1 Rh6 27. Nc4 Rg8 28. a3 Qe8 29. Rg2 Bg7 30. Bd2 Qf7 31. Bc3 Qh5 32. Rf1 Qe8 33. Rh1 Kb8 34. Qf5 Rh5 35. Qh3 Rgh8 36. Rgg1 1/2-1/2

[Event "GER-ch52 final email"]
[Site "GER email"]
[Date "2022.04.15"]
[Round "?"]
[White "Woelfelschneider, Peter"]
[Black "Bars, Joachim"]
[Result "1/2-1/2"]
[WhiteElo "2372"]
[BlackElo "2417"]
[PlyCount "53"]
[EventDate "2022.??.??"]
[EventType "tourn (corr)"]
[EventRounds "14"]
[EventCountry "GER"]
[SourceTitle "Corr 2024"]
[Source "ChessBase"]
[SourceDate "2023.10.19"]
[SourceVersion "1"]
[SourceVersionDate "2023.10.19"]
[SourceQuality "1"]

1. c4 e5 2. Nc3 Nf6 3. Nf3 Nc6 4. g3 d5 5. cxd5 Nxd5 6. Bg2 Nb6 7. 0-0 Be7 8. a3 0-0 9. b4 Be6 10. d3 a5 11. b5 Nd4 12. Bb2 Nb3 13. Rb1 f6 14. Nd2 Nxd2 15. Qxd2 Rb8 16. Bc1 Qd7 17. Nd1 a4 18. Qc2 c5 19. Ne3 Rfd8 20. Rd1 Rbc8 21. Bd2 c4 22. Ba5 cxd3 23. Qxd3 Qe8 24. Qe4 Rxd1+ 25. Rxd1 Qxb5 26. Qxb7 Bc5 27. Bxb6 1/2-1/2

[Event "GER-ch52 final email"]
[Site "GER email"]
[Date "2022.04.15"]
[Round "?"]
[White "Woelfelschneider, Peter"]
[Black "Jung, Reiner"]
[Result "1-0"]
[WhiteElo "2372"]
[BlackElo "2380"]
[PlyCount "37"]
[EventDate "2022.??.??"]
[EventType "tourn (corr)"]
[EventRounds "14"]
[EventCountry "GER"]
[SourceTitle "Corr 2024"]
[Source "ChessBase"]
[SourceDate "2023.10.19"]
[SourceVersion "1"]
[SourceVersionDate "2023.10.19"]
[SourceQuality "1"]

1. c4 Nf6 2. Nc3 e5 3. Nf3 Nc6 4. e4 d6 5. d4 Bg4 6. d5 Nd4 7. Be2 Nxe2 8. Qxe2 Be7 9. a4 h6 10. a5 a6 11. h3 Bd7 12. Ra3 0-0 13. 0-0 Rb8 14. Nd2 Nh7 15. Re1 Bg5 16. Qd1 f5 17. exf5 Bxf5 18. Nde4 Bxc1 19. Qxc1 1-0

[Event "GER-ch52 final email"]
[Site "GER email"]
[Date "2022.04.15"]
[Round "?"]
[White "Woelfelschneider, Peter"]
[Black "Zielinski, Sergej"]
[Result "1/2-1/2"]
[WhiteElo "2372"]
[BlackElo "2365"]
[PlyCount "57"]
[EventDate "2022.??.??"]
[EventType "tourn (corr)"]
[EventRounds "14"]
[EventCountry "GER"]
[SourceTitle "Corr 2024"]
[Source "ChessBase"]
[SourceDate "2023.10.19"]
[SourceVersion "1"]
[SourceVersionDate "2023.10.19"]
[SourceQuality "1"]

1. c4 e5 2. Nc3 Nf6 3. Nf3 Nc6 4. g3 d5 5. cxd5 Nxd5 6. Bg2 Nb6 7. a3 Be6 8. 0-0 Be7 9. b4 0-0 10. b5 Nd4 11. Rb1 f6 12. e3 Nxf3+ 13. Bxf3 Qc8 14. d4 Rd8 15. Re1 f5 16. a4 e4 17. Be2 c5 18. bxc6 Qxc6 19. Bd2 Bf7 20. Rb5 Qd7 21. g4 g6 22. Kh1 Rac8 23. gxf5 gxf5 24. Bf1 Kh8 25. Bh3 Bg6 26. Rg1 Nc4 27. Rxg6 hxg6 28. Rxf5 gxf5 29. Qh5+ 1/2-1/2